000 00420nam a2200145Ia 4500
008 231129s2007||||xx |||||||||||||| ||spa||
020 _a978-958-45-0513-2
040 _bspa
082 _a613.263 W337d
100 _aWatson Brenda
245 0 _aLa dieta fibra 35: el secreto de la naturaleza para perder peso
260 _c2007
264 _aGrupo Editorial Norma
942 _2ddc
_cBKS
999 _c16858
_d16858